Notable Person by City #5 - Statistics

General Stats
  • This quiz has been taken 154 times
  • The average score is 13 of 24
Answer Stats
City Profession Lifespan Famous Person % Correct
Mvezo, South Africa anti-Apartheid leader 1918 - 2013 Nelson Mandela
87%
Boston president 1917 - 1963 John F. Kennedy
85%
Gary, Indiana singer (King of Pop) 1958 - 2009 Michael Jackson
85%
Porbandar, India spiritual leader, anti-colonialist 1869 - 1948 Mahatma Gandhi
84%
Pyongyang dictator 1912 - 1994 Kim Il-Sung
80%
Tupelo singer (King of Rock and Roll) 1935 - 1977 Elvis Presley
77%
Houston singer (Destiny's Child) 1981 - Beyoncé
76%
Corfu British royal consort 1921 - 2021 Prince Philip
73%
Philadelphia actress, princess of Monaco 1929 - 1982 Grace Kelly
72%
Ulyanovsk Bolshevik revolutionary 1870 - 1924 Vladimir Lenin
70%
Pittsburgh pop art visual artist 1928 - 1987 Andy Warhol
68%
Yorba Linda president (not a crook) 1913 - 1994 Richard Nixon
53%
Detroit director (The Godfather) 1939 - Francis Ford Coppola
52%
Nantucket singer (All About That Bass) 1993 - Meghan Trainor
51%
Tel Aviv long-time PM 1949 - Benjamin Netanyahu
50%
Mingora, Pakistan women's rights activist 1997 - Malala Yousafzai
48%
Charlestown, Nevis founding father (U.S.) 1755/57 - 1804 Alexander Hamilton
46%
Caetés, Brazil president 1945 - Lula da Silva
45%
Vancouver Christmas singer 1975 - Michael Bublé
34%
Columbus golfer (The Golden Bear) 1940 - Jack Nicklaus
31%
Windsor, Canada singer (Queen of Country Pop) 1965 - Shania Twain
29%
Nelson, New Zealand father of nuclear physics 1871 - 1937 Ernest Rutherford
20%
Rockhampton tennis player 1938 - Rod Laver
19%
Luxor pharaoh, husband of Nefertiti c. 1370 BC - c. 1330 BC Akhenaten
13%
No matching quizzes found
Score Distribution
Percent of People with Each Score
Percentile by Number Answered
Your Score History
You have not taken this quiz